[Event "2nd Brno Open"]
[Site "Brno CZE"]
[Date "2011.11.18"]
[Round "9"]
[White "Kearsley,R"]
[Black "Snasel,Michal"]
[Result "1-0"]
[WhiteElo "1847"]
[BlackElo "1759"]

1.e4 c5 2.Nf3 d6 3.Bb5+ Bd7 4.Bxd7+ Qxd7 5.O-O Nf6 6.Qe2 Nc6 7.c3 g6 8.d4 cxd4
9.cxd4 Qc7 10.Nc3 Bg7 11.Bg5 O-O 12.Rac1 Qa5 13.Rfd1 e6 14.d5 exd5 15.Nxd5 Nxd5
16.Rxd5 Qxa2 17.Rxd6 h6 18.Be3 Rfd8 19.Rcd1 Rxd6 20.Rxd6 Qxb2 21.Qxb2 Bxb2
22.Bxh6 Rd8 23.Rxd8+ Nxd8 24.Kf1 a5 25.Be3 Ne6 26.Ke2 a4 27.Kd2 b5 28.Kc2 Bg7
29.Kb1 Bc3 30.Bd2 Bxd2 31.Nxd2 Kg7 32.Kb2 Kf6 33.Kc3 Ke5 34.Kb4 Nc7 35.f4+ Kd4
36.f5 Kd3 37.fxg6 fxg6 38.g4 Kxd2 39.h4 Ne6 40.h5 gxh5 41.gxh5 Kd3 42.h6 Kxe4
43.h7 Nd4 44.h8=Q Nc2+ 45.Kxb5 a3  1-0

[Event "Max Euwe Mem Gp2"]
[Site "Amsterdam NED"]
[Date "2011.11.19"]
[Round "5"]
[White "Arakhamia-Grant,K"]
[Black "Van Kampen,R"]
[Result "1/2-1/2"]
[WhiteElo "2443"]
[BlackElo "2558"]

1.e4 c5 2.Nf3 d6 3.Bb5+ Nd7 4.c4 Nf6 5.Nc3 g6 6.d4 cxd4 7.Nxd4 Bg7 8.O-O O-O
9.Bxd7 Bxd7 10.b3 a6 11.a4 b5 12.axb5 axb5 13.Rxa8 Qxa8 14.Ndxb5 Bxb5 15.Nxb5 Nxe4
16.Re1 Qb7 17.Qc2 Nc5 18.Be3 Ne6 19.Qd3 Ra8 20.h4 h5 21.Qd5 Qb8 22.Qc6 Bf6
23.g3 Ra2 24.Rb1 Qf8 25.b4 Qg7 26.Qd5 Rc2 27.c5 dxc5 28.bxc5 g5 29.Qa8+ Kh7
30.Qe4+ Qg6 31.Qxg6+ Kxg6 32.hxg5 Bxg5 33.Nd4 Nxd4 34.Bxd4 Rc4 35.Rd1 e6
36.Kg2 Kf5 37.f4 Be7 38.Kf3 Bxc5 39.Bxc5 Rxc5 40.Rd3 f6 41.Ra3 Rb5 42.Rc3 e5
43.fxe5 fxe5 44.Rc8 e4+ 45.Kf2 Rb2+ 46.Ke3 Rb3+ 47.Kf2 Rf3+ 48.Kg2 Ke6 49.Ra8 Rd3
50.Kf2 Ke5 51.Re8+ Kd4 52.Rd8+ Kc3 53.Re8 Kd4 54.Rd8+ Kc5 55.Rc8+ Kd5 56.Rd8+ Ke5
57.Rxd3 exd3 58.Ke3 Kf5 59.Kxd3 Kg4 60.Ke2 Kxg3 61.Kf1 h4 62.Kg1 h3 63.Kh1 h2  1/2-1/2

[Event "25th British Rapidplay"]
[Site "Leeds ENG"]
[Date "2011.11.19"]
[Round "4"]
[White "Longson,A"]
[Black "Jones,G"]
[Result "0-1"]
[WhiteElo "2281"]
[BlackElo "2635"]

1.e4 c5 2.Nf3 d6 3.Bb5+ Nc6 4.O-O Bd7 5.Re1 Nf6 6.c3 a6 7.Bf1 Bg4 8.d3 e6
9.Nbd2 Be7 10.h3 Bh5 11.g4 Bg6 12.Nh4 Nd7 13.Ng2 h5 14.f4 hxg4 15.hxg4 Qc7
16.Nf3 O-O-O 17.a3 f5 18.exf5 exf5 19.g5 d5 20.Nfh4 Nf8 21.Be2 Kb8 22.Bf3 c4
23.d4 Qd7 24.b3 cxb3 25.Qxb3 Bh5 26.Rb1 Bxf3 27.Nxf3 Ng6 28.a4 Rh3 29.Kf2 Rdh8
30.Bd2 Rxf3+ 31.Kxf3 Nxd4+ 32.cxd4 Rh3+ 33.Kf2 Rxb3 34.Rxb3 Qxa4 35.Rb6 Qc2
36.Re2 Nf8 37.Bb4 Qc7 38.Bxe7 Qxb6 39.Bxf8 Qxd4+ 40.Kf3 a5 41.Bd6+ Ka7 42.Nh4 Qc3+
43.Kf2 d4 44.Be5 Qc4 45.Nf3 d3 46.Rd2 g6 47.Ne1 Qc5+ 48.Kf3 Qc1 49.Bd4+ b6
50.Rb2 d2  0-1

[Event "5th Mediterranean Open"]
[Site "Rijeka CRO"]
[Date "2011.11.19"]
[Round "9.3"]
[White "Saric,A"]
[Black "Doric,D"]
[Result "1/2-1/2"]
[WhiteElo "2497"]
[BlackElo "2504"]

1.e4 c5 2.Nf3 d6 3.Bb5+ Bd7 4.Bxd7+ Qxd7 5.c4 Nc6 6.d4 cxd4 7.Nxd4 g6 8.Nc3 Bg7
9.Be3 Nf6 10.h3 O-O 11.O-O Rfc8 12.b3 Qd8 13.Qd2 a6 14.a4 Rab8 15.Rfd1 Qa5
16.Rab1 Qb4 17.Nc2 Qa5 18.Nd4 Qb4 19.Nc2  1/2-1/2

[Event "25th British Rapidplay"]
[Site "Leeds ENG"]
[Date "2011.11.20"]
[Round "8"]
[White "Mannion,S"]
[Black "Jones,G"]
[Result "0-1"]
[WhiteElo "2351"]
[BlackElo "2635"]

1.e4 c5 2.Nf3 d6 3.Bb5+ Nc6 4.O-O Bd7 5.c3 Nf6 6.Re1 a6 7.Ba4 b5 8.Bc2 e5
9.d3 g6 10.Nbd2 Bg7 11.Nf1 O-O 12.a4 Rb8 13.axb5 axb5 14.Bg5 h6 15.Bd2 Be6
16.Ng3 Qc7 17.h3 Ra8 18.Qe2 Qb7 19.Nh2 b4 20.Ba4 Ra6 21.Bxc6 Rxc6 22.Ng4 h5
23.Nxf6+ Bxf6 24.c4 Ra8 25.Nf1 Rca6 26.Rxa6 Qxa6 27.Ne3 Qa2 28.Bc1 Bg5 29.Nd5 Bxc1
30.Rxc1 Bxd5 31.exd5 Qb3 32.f3 Ra2 33.Rb1 Qa4 34.Kf2 Kf8 35.Qd2 Ra1 36.Rxa1 Qxa1
37.Qc2 Kg7 38.Qd2 Qb1 39.Qe2 Qc1 40.g3 h4 41.gxh4 Qh1 42.Ke3 Qxh3 43.Qf2 Qh1
44.Kd2 Qb1 45.Ke3 Qc1+ 46.Qd2 Qxd2+ 47.Kxd2 Kh6 48.Ke3 Kh5 49.f4 f6  0-1

[Event "21st World Seniors"]
[Site "Rijeka CRO"]
[Date "2011.11.22"]
[Round "7.8"]
[White "Rooze,J"]
[Black "Zhelnin,V"]
[Result "0-1"]
[WhiteElo "2321"]
[BlackElo "2430"]

1.e4 c5 2.Nf3 d6 3.Bb5+ Bd7 4.Bxd7+ Qxd7 5.O-O Nc6 6.Qe2 e6 7.Rd1 Nge7 8.Na3 Ng6
9.d4 cxd4 10.Nxd4 Be7 11.Be3 O-O 12.c4 a6 13.Rac1 Rac8 14.Nac2 Rfe8 15.b3 Qc7
16.f3 Bf6 17.Qf2 Qa5 18.a4 Qc7 19.Nxc6 bxc6 20.Bb6 Qb8 21.b4 Ne5 22.c5 d5
23.Ne3 Nd7 24.a5 Bg5 25.g3 Bxe3 26.Qxe3 Ne5 27.Qe2 Qb7 28.f4 Nd7 29.e5 f6
30.Rf1 Re7 31.Rce1 Rce8 32.Qd3 Qc8 33.h3 Rf8 34.Kg2 Ref7 35.exf6 gxf6 36.Rxe6 Nxb6  0-1

[Event "Malta Open"]
[Site "Bugibba MLT"]
[Date "2011.11.24"]
[Round "6.10"]
[White "Quillan,G"]
[Black "Zerafa,P"]
[Result "1-0"]
[WhiteElo "2416"]
[BlackElo "2093"]

1.e4 c5 2.Nf3 d6 3.Bb5+ Nd7 4.d4 cxd4 5.Qxd4 a6 6.Bxd7+ Bxd7 7.O-O e5 8.Qd3 Nf6
9.Bg5 h6 10.Bxf6 Qxf6 11.Nc3 Bc6 12.Rfd1 Rd8 13.Nd2 Rd7 14.Nc4 Qd8 15.g4 Be7
16.Nd5 O-O 17.Ncb6 Bg5 18.Nxd7 Qxd7 19.Nb4 Ba4 20.Qxd6 Qe8 21.b3  1-0

[Event "TCh-ESP CECLUB Div Honor 2011"]
[Site "Melilla ESP"]
[Date "2011.11.24"]
[Round "5"]
[White "Fedorchuk,S"]
[Black "Ponomariov,R"]
[Result "1-0"]
[WhiteElo "2632"]
[BlackElo "2723"]

1.e4 c5 2.Nf3 d6 3.Bb5+ Nd7 4.d4 cxd4 5.Qxd4 a6 6.Bxd7+ Bxd7 7.Nc3 e5 8.Qd3 h6
9.Nd2 Rc8 10.Nc4 Qc7 11.Ne3 Nf6 12.O-O Be7 13.a4 Qc5 14.Rd1 Be6 15.Qe2 O-O
16.Rd3 Bd8 17.Qf3 Kh7 18.Nf5 Rc6 19.b3 Ba5 20.Nxg7 Kxg7 21.Bxh6+ Kg6 22.Nd5 Nh7
23.Qg3+ Kh5 24.Nf6+ Nxf6 25.Qg5+  1-0

[Event "6th Tal Memorial"]
[Site "Moscow RUS"]
[Date "2011.11.24"]
[Round "8"]
[White "Carlsen,M"]
[Black "Nepomniachtchi,I"]
[Result "1/2-1/2"]
[WhiteElo "2826"]
[BlackElo "2730"]

1.e4 c5 2.Nf3 d6 3.Bb5+ Bd7 4.Bxd7+ Qxd7 5.c4 Nc6 6.d4 cxd4 7.Nxd4 g6 8.Nc3 Bg7
9.Be3 Nf6 10.h3 O-O 11.O-O a6 12.a4 Rfc8 13.b3 e6 14.Rc1 d5 15.Nxc6 bxc6
16.e5 Ne8 17.f4 a5 18.Ne4 Bf8 19.Rf3 Qd8 20.Nc5 Rcb8 21.Bf2 Nc7 22.Qe2 Rb4
23.Kh2 Be7 24.Rc2 Qf8 25.Nd7 Qd8 26.Nc5 Qf8 27.cxd5 Nxd5 28.g3 Qc8 29.Be1 Rb6
30.Rc4 Rab8 31.Qd1 Bxc5 32.Rxc5 Qf8 33.Qc2 Nb4 34.Bxb4 Rxb4 35.Rxa5 Qd8 36.Rc5 Rxb3
37.Rxb3 Rxb3 38.Qxb3 Qd2+ 39.Kh1 Qe1+ 40.Kg2 Qe2+  1/2-1/2

[Event "21st World Seniors"]
[Site "Rijeka CRO"]
[Date "2011.11.24"]
[Round "9.28"]
[White "Rooze,J"]
[Black "Emeljashin,Y"]
[Result "0-1"]
[WhiteElo "2321"]
[BlackElo "2101"]

1.e4 c5 2.Nf3 d6 3.Bb5+ Bd7 4.Bxd7+ Qxd7 5.O-O Nf6 6.Qe2 Nc6 7.Rd1 g6 8.c3 Qg4
9.d3 Ne5 10.Nbd2 Nh5 11.Nf1 Bg7 12.Ng3 Nxf3+ 13.Qxf3 Qxf3 14.gxf3 Nf6 15.Kf1 h5
16.h3 Rc8 17.Bg5 Nd7 18.Be3 Ne5 19.f4 Nc6 20.Ke2 b5 21.Kd2 a6 22.Rg1 Bf6
23.Ne2 e6 24.f3 Kd7 25.f5 exf5 26.exf5 Ne5 27.Raf1 gxf5 28.Bg5 Bg7 29.Ng3 Ke6
30.f4 h4 31.Nxf5 Nc4+ 32.dxc4 Kxf5 33.cxb5 axb5 34.Ke2 Rce8+ 35.Kf3 f6 36.Rd1 Rd8
37.Bxh4 Rxh4 38.Rxg7 Rxh3+ 39.Rg3 Rh2 40.b4 Rc8 41.Rxd6 cxb4 42.Rd5+ Ke6
43.Rxb5 Rxc3+ 44.Kg4 f5+ 45.Rxf5 Rxg3+ 46.Kxg3 Kxf5  0-1

[Event "Vizag GM Open"]
[Site "Visakhapatnam IND"]
[Date "2011.11.24"]
[Round "2"]
[White "Dzhumaev,M"]
[Black "Dahale,A"]
[Result "1-0"]
[WhiteElo "2485"]
[BlackElo "2110"]

1.e4 c5 2.Nf3 d6 3.Bb5+ Bd7 4.Bxd7+ Qxd7 5.O-O Nc6 6.c3 Nf6 7.Qe2 e6 8.d4 cxd4
9.cxd4 d5 10.e5 Ne4 11.Be3 Be7 12.Na3 O-O 13.Nc2 f6 14.exf6 Bxf6 15.Nce1 e5
16.dxe5 Nxe5 17.Nxe5 Bxe5 18.Nf3 Bd6 19.Rad1 Rae8 20.Rd3 Re6 21.Qd1 Rg6 22.Rxd5 Qe6
23.Ng5 Nxg5 24.Bxg5 h6 25.Bh4 Qe4 26.Bg3 Bxg3 27.hxg3 Rgf6 28.Rd7 Kh8 29.Qd2 Rb6
30.Re1 Qf5 31.b3 Qc5 32.Ree7 Rg6 33.Rxg7  1-0

[Event "TCh-ESP CECLUB Div Honor 2011"]
[Site "Melilla ESP"]
[Date "2011.11.25"]
[Round "6"]
[White "Bologan,V"]
[Black "Naiditsch,A"]
[Result "0-1"]
[WhiteElo "2665"]
[BlackElo "2712"]

1.e4 c5 2.Nf3 d6 3.Bb5+ Bd7 4.Bxd7+ Qxd7 5.c4 Nf6 6.Nc3 g6 7.d4 cxd4 8.Nxd4 Bg7
9.h3 Qc7 10.b3 Qa5 11.Bd2 Nxe4 12.Nxe4 Qe5 13.Qb1 f5 14.Bc3 Qxe4+ 15.Qxe4 fxe4
16.Nb5 Bxc3+ 17.Nxc3 Rf8 18.O-O Na6 19.Rfe1 Nc5 20.Rad1 Kd7 21.Re3 Rac8 22.Rd4 Rf4
23.Nd5 Rf7 24.Rd2 Rc6 25.b4 Na4 26.Rxe4 e6 27.Ne3 Nc3 28.Red4 e5 29.R4d3 Ne4
30.Re2 Ke6 31.c5 dxc5 32.Nc4 Rf4 33.b5 Rd6 34.Nxd6 Nxd6 35.Rde3 Nc4 36.Re4 Rxe4
37.Rxe4 Kd5 38.Re1 Nb2 39.Rb1 Nd3 40.Kf1 c4 41.Ke2 Kd4 42.Rd1 Kc3 43.Rd2 b6
44.Ke3 h5 45.g3 g5 46.f3 h4 47.Rg2 Nb4 48.gxh4 gxh4 49.Ke4 Nd3 50.Ke3 Nf4
51.Rg5 Nd3 52.Rh5 Kb2 53.Rxh4 Nf4 54.Rg4 c3 55.h4 c2 56.Rg1 c1=Q+ 57.Rxc1 Kxc1
58.Ke4 Kb2 59.Kxe5 Ng6+ 60.Kd6 Nxh4 61.Kc6 Nxf3 62.Kb7 Ne5 63.Kxa7 Nc4 64.a4 Kb3  0-1

[Event "3rd Pilsen Open"]
[Site "Plzen CZE"]
[Date "2011.11.25"]
[Round "8"]
[White "Goutali,T"]
[Black "Arab,A"]
[Result "1/2-1/2"]
[WhiteElo "2327"]
[BlackElo "2403"]

1.e4 c5 2.Nf3 d6 3.Bb5+ Bd7 4.Bxd7+ Qxd7 5.O-O Nf6 6.Re1 Nc6 7.c3 e6 8.d4 cxd4
9.cxd4 d5 10.e5 Ne4 11.Nbd2 Nxd2 12.Bxd2 Be7 13.Rc1 O-O 14.a3 f5 15.exf6 Bxf6
16.Bg5 h6 17.Bxf6 Rxf6 18.Rc3 Raf8 19.Rce3 R8f7 20.b4 a6 21.Qd2 Qc8 22.Rc3 Qd7
23.Rce3 Qc8 24.Rc3 Qd7  1/2-1/2

[Event "Vilnius Open 2011"]
[Site "Vilnius LTU"]
[Date "2011.11.25"]
[Round "7"]
[White "Kalvaitis,S"]
[Black "Vasylius,K"]
[Result "1-0"]
[WhiteElo "2252"]
[BlackElo "2119"]

1.e4 c5 2.Nf3 d6 3.Bb5+ Bd7 4.Bxd7+ Qxd7 5.O-O Nf6 6.Qe2 Nc6 7.c3 e6 8.d4 cxd4
9.cxd4 d5 10.e5 Ne4 11.Nbd2 Nxd2 12.Bxd2 Be7 13.Qd3 O-O 14.Ng5 Bxg5 15.Bxg5 Nb4
16.Qg3 Rfc8 17.Bf6 g6 18.f4 Rc2 19.Qh4 Qe8 20.a3 Nc6 21.Rf3 h5 22.Rd1 Qf8
23.g4 Qh6 24.gxh5 Qxh5 25.Qxh5 gxh5 26.Rh3 Kh7 27.Rxh5+ Kg6 28.Rg5+ Kh7 29.Rd3  1-0

[Event "Frauenbundesliga 2011-12"]
[Site "Germany GER"]
[Date "2011.11.26"]
[Round "3.5"]
[White "Wagner Michel, Annett"]
[Black "Duppel, Tina"]
[Result "1/2-1/2"]
[WhiteElo "2169"]
[BlackElo "2260"]

1.e4 c5 2.Nf3 d6 3.Bb5+ Bd7 4.a4 Nc6 5.O-O Nf6 6.Re1 e6 7.Nc3 Be7 8.d4 cxd4
9.Nxd4 O-O 10.Be3 a6 11.Be2 Rc8 12.Nxc6 Bxc6 13.Qd3 Nd7 14.f4 Qc7 15.Bf3 Nc5
16.Qe2 Bf6 17.Bxc5 Bxc3 18.bxc3 dxc5 19.e5 b5 20.Bxc6 Qxc6 21.axb5 axb5 22.c4 Rb8
23.cxb5 Rxb5 24.Ra4 Rfb8 25.Rc4 Qa6 26.Qd3 h6 27.h3 Qa2 28.Qc3 Ra8 29.Rce4 Rb2
30.R4e2 c4 31.Rd1 Rab8 32.Kh2 R8b3 33.Rd8+ Kh7 34.Qd4 Rb8 35.Qe4+  1/2-1/2

[Event "25th Belgrade Trophy"]
[Site "Obrenovac SRB"]
[Date "2011.11.26"]
[Round "3.40"]
[White "Jandric,D"]
[Black "Stavnjak,L"]
[Result "0-1"]
[WhiteElo "1980"]
[BlackElo "2235"]

1.e4 c5 2.Nf3 d6 3.Bb5+ Bd7 4.Bxd7+ Qxd7 5.O-O Nc6 6.Qe2 g6 7.c3 Bg7 8.Rd1 Nf6
9.d4 cxd4 10.cxd4 O-O 11.Nc3 e6 12.h3 Rac8 13.Bf4 d5 14.e5 Ne8 15.Re1 h6
16.h4 a6 17.Qe3 Kh7 18.Rac1 Na5 19.b3 b5 20.Qd2 Nc6 21.Nd1 f6 22.exf6 Nxf6
23.Nc3 Ng4 24.Bg3 Rf7 25.Re2 Rxf3 26.gxf3 Nxd4  0-1

[Event "21st World Seniors Women"]
[Site "Rijeka CRO"]
[Date "2011.11.26"]
[Round "11.9"]
[White "Miednikova,S"]
[Black "Dotan,V"]
[Result "1-0"]
[WhiteElo "2165"]
[BlackElo "2083"]

1.e4 c5 2.Nf3 d6 3.Bb5+ Bd7 4.Bxd7+ Qxd7 5.c4 Nc6 6.d4 cxd4 7.Nxd4 Nf6 8.Nc3 e6
9.O-O Be7 10.Be3 O-O 11.f4 Qc7 12.Qe2 a6 13.Rac1 Rac8 14.b3 Qb8 15.f5 Nxd4
16.Bxd4 Rfe8 17.fxe6 fxe6 18.e5 dxe5 19.Bxe5 Qa7+ 20.Kh1 Qb6 21.Ne4 Nxe4
22.Qxe4 Qc6 23.Qg4 g6 24.Qf4 Rf8 25.Qh6  1-0

[Event "VIII Regina Prol"]
[Site "Santos BRA"]
[Date "2011.11.26"]
[Round "1.1"]
[White "Assumpcao,R"]
[Black "Barreto Filho,C"]
[Result "0-1"]
[WhiteElo "2245"]
[BlackElo "2307"]

1.e4 c5 2.Nf3 d6 3.Bb5+ Bd7 4.Bxd7+ Qxd7 5.O-O Nc6 6.Qe2 Nf6 7.Rd1 e6 8.d4 cxd4
9.Nxd4 Be7 10.c4 O-O 11.Nc3 Rac8 12.Nc2 Qc7 13.b3 a6 14.Bb2 Ne5 15.Rac1 g5
16.Ne3 Kh8 17.Rf1 Rg8 18.f4 gxf4 19.Rxf4 Rg6 20.Rcf1 Rcg8 21.R1f2 R8g7 22.Kh1 Kg8
23.Ncd1 Nfd7 24.Rf1 Bg5 25.R4f2 Nc5 26.Bxe5 dxe5 27.Nc3 Nd7 28.g3 Be7 29.Ng2 Nf6
30.Nh4 Rh6 31.Rg2 Ng4 32.Nf3 Bc5 33.Nd1 Bd4 34.Nxd4 exd4 35.Rf4 Ne5 36.Nf2 Rhg6
37.Nd3 Nxd3 38.Qxd3 Qe5 39.Rgf2 f6 40.Kg2 Rc7 41.b4 b6 42.R4f3 Kg7 43.a3 h5
44.Rf4 Rd7 45.Kh1 Qg5 46.Qf3 Qe5 47.Qd3 a5 48.Kg2 axb4 49.axb4 Ra7 50.R4f3 h4
51.Rd2 hxg3 52.Rxg3 Rxg3+ 53.hxg3 Rd7 54.Qf3 Qg5 55.Rd1 e5 56.Qd3 Ra7 57.Rd2 Ra1
58.Rf2 Qc1 59.Rf1 Qb2+ 60.Rf2 Qb1 61.Qf1  0-1

[Event "47th American Open"]
[Site "Orange USA"]
[Date "2011.11.27"]
[Round "7"]
[White "Zavadsky,P1"]
[Black "West,V"]
[Result "1-0"]
[WhiteElo "2283"]
[BlackElo "2058"]

1.e4 c5 2.Nf3 d6 3.Bb5+ Bd7 4.Bxd7+ Qxd7 5.c4 Nc6 6.O-O g6 7.d4 cxd4 8.Nxd4 Bg7
9.Be3 Nf6 10.f3 O-O 11.Nc3 Rfd8 12.Nde2 e6 13.Qa4 Ne5 14.Qxd7 Rxd7 15.b3 d5
16.cxd5 exd5 17.Bd4 Nc6 18.e5 Nh5 19.f4 Nxd4 20.Nxd4 Nxf4 21.Rxf4 Bxe5 22.Nce2 Bxf4
23.Nxf4 Re8 24.Rc1 Re4 25.Nfe2 f5 26.Kf2 Kf7 27.Ke1 Kf6 28.Kd2 Ke5 29.Kd3 a6
30.Rc8 Kd6 31.g3 Rde7 32.Rd8+ Kc5 33.a3 a5 34.Ra8 Kb6 35.Nc3 Re3+ 36.Kd2 R3e5
37.Na4+ Kc7 38.Rxa5 g5 39.Nc3 Kd6 40.Nf3 Re3 41.Rxd5+ Kc6 42.Nd4+  1-0

[Event "25th Belgrade Trophy"]
[Site "Obrenovac SRB"]
[Date "2011.11.28"]
[Round "5.3"]
[White "Cabrilo,G"]
[Black "Damljanovic,B"]
[Result "0-1"]
[WhiteElo "2463"]
[BlackElo "2597"]

1.e4 c5 2.Nf3 d6 3.Bb5+ Nd7 4.d4 Nf6 5.Nc3 a6 6.Bxd7+ Nxd7 7.O-O e6 8.d5 e5
9.a4 Be7 10.Nd2 O-O 11.Nc4 Nb6 12.Ne3 Bg5 13.Qe2 Bd7 14.Bd2 Rb8 15.Rfb1 Bxe3
16.Bxe3 f5 17.exf5 Bxf5 18.b4 cxb4 19.Rxb4 Nd7 20.Rab1 Qa5 21.Qd2 Qc7 22.h3 b6
23.Ne4 a5  0-1

[Event "25th Belgrade Trophy"]
[Site "Obrenovac SRB"]
[Date "2011.11.30"]
[Round "7.31"]
[White "Hrzic,I"]
[Black "Ljangov,P"]
[Result "1-0"]
[WhiteElo "2303"]
[BlackElo "2114"]

1.e4 c5 2.Nf3 d6 3.Bb5+ Nc6 4.Bxc6+ bxc6 5.O-O Bg4 6.h3 Bh5 7.Re1 e6 8.d3 Qc7
9.Nbd2 Be7 10.Nf1 Nf6 11.Ng3 Bxf3 12.Qxf3 O-O 13.Bf4 Nd7 14.b3 Bf6 15.Rab1 Ne5
16.Qe2 Ng6 17.Bd2 Be5 18.Nh5 Rae8 19.f4 Bd4+ 20.Kh1 f5 21.c3 Bf6 22.exf5 exf5
23.Nxf6+ gxf6 24.Qxe8 Rxe8 25.Rxe8+ Kf7 26.Re2 h5 27.g3 Qc8 28.c4 h4 29.Rg1 hxg3
30.Rxg3 Qh8 31.Reg2 Nf8 32.Kg1 Ne6 33.Kh2 Qh7 34.a3 Nd4 35.Be3 Ne6 36.b4 Qh5
37.Rd2 a6 38.bxc5 Nxc5 39.Bxc5 dxc5 40.Kg2 Qh6 41.Kf3 Qh5+ 42.Ke3 Qh4 43.Rdg2 Ke6
44.a4 a5 45.Rg1 Kd6 46.Rf3 Qh8 47.Rb1 Qe8+ 48.Kd2 Qh5 49.Re3 Qh4 50.Rb7 Qxf4
51.Re7  1-0

[Event "25th Belgrade Trophy"]
[Site "Obrenovac SRB"]
[Date "2011.12.01"]
[Round "8.9"]
[White "Spasov,V"]
[Black "Janev,T"]
[Result "0-1"]
[WhiteElo "2583"]
[BlackElo "2366"]

1.e4 c5 2.Nf3 d6 3.Bb5+ Nd7 4.d4 Nf6 5.Nc3 a6 6.Bxd7+ Nxd7 7.O-O e6 8.d5 e5
9.Bg5 Be7 10.Bxe7 Qxe7 11.a4 b6 12.Nd2 Rb8 13.Nc4 h5 14.Rb1 Rh6 15.Qd2 Qd8
16.b4 Rg6 17.bxc5 Nxc5 18.Qe3 Qc7 19.Rb4 a5 20.Nb5 Qe7 21.Rbb1 Ba6 22.f4 exf4
23.Qxf4 Bxb5 24.axb5 Nd7 25.Rbe1 Ne5 26.Nxe5 dxe5 27.Qf3 Rc8 28.c3 h4 29.Kh1 Rc5
30.Rd1 Rxb5 31.d6 Qd7 32.Rf2 Rxd6  0-1

[Event "Porec Open 2011"]
[Site "Porec CRO"]
[Date "2011.12.02"]
[Round "3.16"]
[White "Monjac,M"]
[Black "Brecevac,V"]
[Result "1-0"]
[WhiteElo "2013"]
[BlackElo "1567"]

1.e4 c5 2.Nf3 d6 3.Bb5+ Nc6 4.O-O a6 5.Bxc6+ bxc6 6.d4 cxd4 7.Qxd4 Qc7 8.c4 c5
9.Qd3 e6 10.Nc3 Nf6 11.Bf4 Nh5 12.Bg5 h6 13.Be3 Be7 14.Rad1 O-O 15.Rfe1 Bb7
16.Bc1 Rfd8 17.Qe2 Nf6 18.Bf4 e5 19.Bg3 Nh5 20.Rd2 Nxg3 21.hxg3 Bc6 22.Nd5 Bxd5
23.Rxd5 Qb6 24.Red1 Rab8 25.b3 Rb7 26.Nd2 Qa5 27.Nf1 Rbd7 28.Ne3 g6 29.Ng4 f6
30.Nxh6+ Kg7 31.Ng4 Rh8 32.Ne3 Qd8 33.Qg4 Kf7 34.R5d3 Rh5 35.Nd5 Rg5 36.Qf3 Qh8
37.Qe3 Rh5 38.f3 Bf8 39.Kf2 Rh1 40.Qe2 Rxd1 41.Rxd1 Qh5 42.Qd3 f5 43.Nb6 Rd8
44.Qd5+ Kf6 45.Qb7 Ke6 46.Qd5+ Kf6 47.exf5 gxf5 48.Qb7 Ke6 49.Qc7 Qg5 50.Nd5 Rd7
51.Qc8 Qd8 52.Qxa6 Bg7 53.Qc6 e4 54.Nf4+ Ke7 55.fxe4 Bd4+ 56.Kf3 Kf6 57.exf5 Kxf5
58.Qe4+ Kf6 59.Qg6+ Ke7 60.Re1+ Be5 61.Qg7+ Ke8 62.Qg8+ Ke7 63.Nd5+  1-0

[Event "CCSCSL Invitational"]
[Site "Saint Louis USA"]
[Date "2011.12.02"]
[Round "7.5"]
[White "Diamant,A"]
[Black "Amanov,M"]
[Result "1/2-1/2"]
[WhiteElo "2489"]
[BlackElo "2524"]

1.e4 c5 2.Nf3 d6 3.Bb5+ Nd7 4.c3 Nf6 5.d3 a6 6.Ba4 e6 7.O-O Be7 8.Re1 b5
9.Bc2 Bb7 10.Nbd2 O-O 11.Nf1 Qc7 12.Ng3 Ne5 13.Bd2 Rfe8 14.Rc1  1/2-1/2

[Event "TCh-AUT 2 Mitte 2011-12"]
[Site "Steyregg AUT"]
[Date "2011.12.02"]
[Round "4"]
[White "Singer,C"]
[Black "Sandhoefner,F"]
[Result "1-0"]
[WhiteElo "2362"]
[BlackElo "2201"]

1.e4 c5 2.Nf3 d6 3.Bb5+ Bd7 4.Bxd7+ Qxd7 5.O-O Nc6 6.Re1 Nf6 7.c3 e6 8.d4 cxd4
9.cxd4 d5 10.e5 Ne4 11.Nbd2 Nxd2 12.Bxd2 Be7 13.Rc1 O-O 14.a3 Rfc8 15.Rc3 Nd8
16.Rce3 Rc7 17.h4 Rac8 18.Ng5 Qb5 19.Bc3 h6 20.a4 Qb6 21.Nh3 Bb4 22.Nf4 Bxc3
23.bxc3 Rxc3 24.Nh5 Qb4 25.Qg4 g6 26.Nf6+ Kg7 27.Ne8+ Kf8 28.Nd6 Rxe3 29.Rxe3 Rc1+
30.Kh2 Qb1 31.Qf4 Rh1+ 32.Kg3 g5 33.Qf6 gxh4+ 34.Kf4 Qb6 35.Qh8+ Ke7 36.Nc8+  1-0

[Event "London Classic FIDE Open"]
[Site "London ENG"]
[Date "2011.12.03"]
[Round "1"]
[White "Mikkelsen,N"]
[Black "Lappas,Konstantinos"]
[Result "1-0"]
[WhiteElo "2381"]
[BlackElo "1992"]

1.e4 c5 2.Nf3 d6 3.Bb5+ Nc6 4.Bxc6+ bxc6 5.O-O g6 6.d4 cxd4 7.Qxd4 e5 8.Qd3 h6
9.Na3 Be6 10.Nc4 Bxc4 11.Qxc4 Ne7 12.b3 Qc7 13.Ba3 Bg7 14.Rad1 Rd8 15.Rd3 O-O
16.Rfd1 Nc8 17.h4 Kh7 18.h5 g5 19.Nh2 f5 20.exf5 Qd7 21.Qe6 Rxf5 22.Qg6+ Kh8
23.Bxd6 Rf6 24.Bxe5 Rxg6 25.Rxd7 Re8 26.hxg6 Bxe5 27.Rd8  1-0

[Event "TCh-BEL 2011-12"]
[Site "Anderlecht BEL"]
[Date "2011.12.04"]
[Round "5.8"]
[White "Dischinger,F"]
[Black "Spaan,N"]
[Result "0-1"]
[WhiteElo "2176"]
[BlackElo "2209"]

1.e4 c5 2.Nf3 d6 3.Bb5+ Bd7 4.Bxd7+ Qxd7 5.c4 Nc6 6.d4 cxd4 7.Nxd4 Nf6 8.Nc3 g6
9.f3 Nxd4 10.Qxd4 Bg7 11.Be3 O-O 12.Qd2 Rfc8 13.Qe2 Qc6 14.Nb5 Qxc4 15.Qxc4 Rxc4
16.Nxa7 Rc2 17.O-O Rxb2 18.Rab1 Re2 19.Bd4 Nxe4 20.Bxg7 Rxa7 21.Rb2 Rxb2
22.Bxb2 Rxa2 23.Bd4 Nc5 24.Rb1 Rc2 25.Bxc5 dxc5 26.Rxb7 e6 27.h4 h5 28.Rc7 Kg7
29.Kf1 Kf6 30.g4 hxg4 31.fxg4 Rc4 32.g5+ Kg7 33.Kf2 Rxh4 34.Rxc5 Rf4+  0-1

[Event "TCh-BEL 2011-12"]
[Site "Belgium BEL"]
[Date "2011.12.04"]
[Round "5.1"]
[White "Leenhouts,K"]
[Black "Gharamian,T"]
[Result "0-1"]
[WhiteElo "2387"]
[BlackElo "2676"]

1.e4 c5 2.Nf3 d6 3.Bb5+ Nd7 4.a4 g6 5.O-O Bg7 6.Re1 Nf6 7.Nc3 O-O 8.d3 Ng4
9.Bxd7 Bxd7 10.h3 Ne5 11.Nxe5 Bxe5 12.Bh6 Re8 13.Qd2 Bc6 14.Nd1 Qd7 15.a5 Rad8
16.c4 e6 17.Bg5 f6 18.Be3 d5 19.f4 Bb8 20.Qc2 dxe4 21.dxe4 e5 22.f5 gxf5
23.Nc3 fxe4 24.Bxc5 f5 25.b4 Qf7 26.Rf1 Rd3 27.Nd1 f4 28.Nf2 Qg6 29.b5 Rg3
30.Nh1 e3 31.Qxg6+ Rxg6 32.bxc6 Rxc6 33.Ba3 Rxc4 34.Rfb1 Ra4 35.Bb2 Rxa1
36.Bxa1 Rc8 37.Kf1 Rc2 38.Rxb7 Bd6 39.Rb1 e4 40.Bd4 a6 41.Ke1 Rxg2 42.Kf1 Rh2
43.Kg1 Rd2 44.Bb6 Kf7  0-1

[Event "XVII Navalmoral Open"]
[Site "Navalmoral de la Mata ESP"]
[Date "2011.12.04"]
[Round "2"]
[White "Guliyev,N"]
[Black "Aloma Vidal,R"]
[Result "0-1"]
[WhiteElo "2549"]
[BlackElo "2424"]

1.e4 c5 2.Nf3 d6 3.Bb5+ Bd7 4.Bxd7+ Qxd7 5.O-O Nf6 6.Re1 Nc6 7.c3 e6 8.d4 cxd4
9.cxd4 d5 10.e5 Ne4 11.Nbd2 Nxd2 12.Bxd2 Be7 13.Rc1 O-O 14.a3 Rac8 15.Rc3 Nb8
16.Rd3 Qb5 17.Bc3 Nd7 18.a4 Qa6 19.h4 Rc4 20.b3 Rc6 21.h5 Rfc8 22.Qd2 b5
23.h6 g6 24.Ra1 b4 25.Bxb4 Bxb4 26.Qe3 Rc3 27.Rxc3 Rxc3 28.Qf4 Be7 29.b4 Qd3
30.b5 Rb3 31.Rc1 Rb1 32.Kh2 Rxc1 33.Qxc1 Qc4 34.Qf4 Qxa4 35.Ng5 Bxg5 36.Qxg5 f6
37.Qc1 Qc4 38.Qa3 Kf7 39.Qxa7 Qxb5 40.f4 Qc6 41.Qa5 Qb6 42.Qa4 Qd8 43.Qa7 fxe5
44.dxe5 Qe7 45.Qf2 Nc5 46.g3 Ne4 47.Qb6 g5 48.Kg2 gxf4 49.gxf4 Kg6 50.Kf3 Qf7
51.Ke3 Kxh6 52.Kd3 Qf5 53.Kd4 Ng3 54.Kc5 Nh5 55.Qd8 Nxf4 56.Qh4+ Kg6 57.Qg3+ Qg5  0-1

[Event "61st ch-GRE 2011"]
[Site "Chania GRE"]
[Date "2011.12.06"]
[Round "10"]
[White "Kapnisis,S"]
[Black "Moutousis,K"]
[Result "1/2-1/2"]
[WhiteElo "2510"]
[BlackElo "2438"]

1.e4 c5 2.Nf3 d6 3.Bb5+ Bd7 4.Bxd7+ Qxd7 5.c4 Nf6 6.Nc3 Nc6 7.d4 cxd4 8.Nxd4 e6
9.O-O Be7 10.b3 O-O 11.Bb2 Rfd8 12.Re1 Rac8 13.Qd2 b6 14.Rad1 Nxd4 15.Qxd4 Qb7
16.Rd3 Ne8 17.Rh3 Bf6 18.Qd3 h6 19.Qd2 a6 20.a4 Bg5 21.f4 Be7 22.Qe2 Nf6
23.Rg3 g6 24.f5 Kh7 25.fxg6+ fxg6 26.Nd5 exd5 27.exd5 Re8 28.Re3 Ng8 29.Rf1 Rf8
30.Ref3 Rxf3 31.Qxf3 Bf6 32.Bxf6 Rf8 33.Qg3 Rxf6 34.Rxf6 Nxf6 35.Qxd6 Kg7
36.b4 b5 37.Qc6 Qe7 38.h3 Qe3+ 39.Kh2 Qf4+ 40.Kg1 Qc1+ 41.Kh2 Qxc4 42.Qb7+ Kf8
43.Qxa6 Nxd5 44.axb5 Qf4+ 45.Kg1 Qd4+ 46.Kh2 Nb6 47.Kh1 h5 48.Qb7 Qa1+ 49.Kh2 Qe5+
50.Kh1 Qxb5 51.Qe4 Qf1+ 52.Kh2 Qf6 53.b5 Kg7 54.Qb7+ Kh6 55.Qe4 Qg5 56.Qd4 Qxb5
57.Qe3+ Kg7 58.Qe7+ Kg8 59.Qe6+ Kf8 60.Qf6+ Ke8 61.Qxg6+ Kd7 62.Qf7+ Kc6
63.Qg6+ Kc7 64.Kg3 Nd7 65.Kh4 Qd5 66.Qxh5 Qxg2 67.Qg4 Qd2 68.Qg3+ Kc6 69.Qg6+ Kc7
70.Qg3+ Kd8 71.Qg5+  1/2-1/2